GUESS WHERE THESE FOOD COME FROM - Statistics

General Stats
  • This quiz has been taken 15 times
  • The average score is 4 of 8
Answer Stats
Picture Answer % Correct
usa
85%
mexico
77%
italy
62%
russia
46%
indonesia
38%
pakistan
38%
malaysia
31%
algeria
0%
No matching quizzes found
Score Distribution
Percent of People with Each Score
Percentile by Number Answered
Your Score History
You have not taken this quiz